| 000 | 00324nam a22001217a 4500 | ||
|---|---|---|---|
| 082 |
_a894.812 _bHAR.B |
||
| 245 |
_aHARIHARAKURUPP, P.S _bSOCIALISM STHAPITHAMAKUNNILLA |
||
| 260 |
_aMAVELIKKARA _bSISIRAM PUBLICATIONS _c2005 |
||
| 300 | _a160 | ||
| 520 | _aMARXIST RELATED BOOKS | ||
| 650 | _aMARXIST RELATED BOOKS | ||
| 942 | _cBK | ||
| 999 |
_c5491 _d5491 |
||